000 00834nam a22002297a 4500
999 _c2455
_d2455
003 AR-CdUCM
008 190304b ||||| |||| 00| 0 spa d
040 _aMUNICIPALIDAD PROVINCIAL DEL CUSCO
_cBIBLIOTECA MUNICIPAL DEL CUSCO
082 _a869.56 /
_bB36
100 _aBelli, Carlos Germán
_98779
245 _aEl pie sobre el cuello
260 _aUruguay :
_bEditorial Alfa;
_c1967.
300 _a106 Páginas
_c17 cm.
500 _aDonacion de la familia Nieto -- tercer ejemplar Dedicatoria a Luis Nieto -- tercer ejemplar
505 _aContenido: Poemas -- ¡Oh hada cibernética! -- El pie sobre el cuello -- Por el monte abajo.
650 _aPoesía Uruguaya
_92908
650 _aLa lisiada
_98780
650 _aCansancio de mi rostro
_98781
650 _aFormulas mágicas
_98782
942 _2ddc
_cLIBROS
945 _adavv